An open question (Record no. 74391)

MARC details
000 -LEADER
fixed length control field 01332cab a2200217 4500
001 - CONTROL NUMBER
control field ABS67693
008 - FIXED-LENGTH DATA ELEMENTS--GENERAL INFORMATION
fixed length control field 040506n2004 000 0 eng u
035 ## - SYSTEM CONTROL NUMBER
System control number (Sirsi) u126121
100 ## - MAIN ENTRY--PERSONAL NAME
Personal name Lewis, S.
245 #3 - TITLE STATEMENT
Title An open question
260 ## - PUBLICATION, DISTRIBUTION, ETC.
Date of publication, distribution, etc. 2004
490 ## - SERIES STATEMENT
Series statement Building
Volume/sequential designation 269(8329) 23 April 2004, 62(1)
520 ## - SUMMARY, ETC.
Summary, etc. Examines the implications of the Disability Discrimination Act 1995 (DDA) which has been gradually introduced over the last eight years but will come fully into force on 1 October 2004. Notes that s21 of the Act states that a service provider has to make reasonable adjustments to its practices, policies and procedures to provide alternative methods of making the service available. Explains there is a difficulty in understanding what is meant by the word reasonable. This is likely to be tested by the courts on a case by case basis. Other aspects to consider are the sanctions available to the courts under the DDA; the court may award damages including for any injury to feelings and it may make declarations as to the parties' rights.
590 ## - LOCAL NOTE (RLIN)
Local note ABS
650 ## - SUBJECT ADDED ENTRY--TOPICAL TERM
Topical term or geographic name entry element DISABILITY DISCRIMINATION ACT 1995
650 ## - SUBJECT ADDED ENTRY--TOPICAL TERM
Topical term or geographic name entry element DISABILITY DISCRIMINATION ACT 1995 S21
650 ## - SUBJECT ADDED ENTRY--TOPICAL TERM
Topical term or geographic name entry element SERVICE PROVIDERS
650 ## - SUBJECT ADDED ENTRY--TOPICAL TERM
Topical term or geographic name entry element DISABILITY RIGHTS COMMISSION
690 ## - LOCAL SUBJECT ADDED ENTRY--TOPICAL TERM (OCLC, RLIN)
Topical term or geographic name as entry element BUILT ENVIRONMENT-CONSTRUCTION DESIGN
942 ## - ADDED ENTRY ELEMENTS (KOHA)
Suppress in OPAC 0
Holdings
Withdrawn status Lost status Source of classification or shelving scheme Damaged status Not for loan Home library Current library Shelving location Date acquired Total Checkouts Full call number Barcode Date last seen Copy number Price effective from Koha item type
    Dewey Decimal Classification     London London Journal article 06/05/2004   ABS67693 126121-1001 06/08/2019 1 06/08/2019 Journal article